Spiritual selling : how to use the attractor sales system to create abundance in your business

Salvato in:
Dettagli Bibliografici
Autore principale:  Nunziata, Joe
Natura: Sách
Lingua:Undetermined
Pubblicazione:  John Wiley & Sons  2007
Soggetti:
Tags: Aggiungi Tag
Nessun Tag, puoi essere il primo ad aggiungerne! !
Thư viện lưu trữ: Trung tâm Thư viện - Trường Đại học Công nghiệp TP. Hồ Chí Minh
LEADER 00531nam a2200157Ia 4500
001 UIH_04400
008 231011s9999 xx 000 0 und d
082 |a  658.85 
100 |a  Nunziata, Joe 
245 0 |a  Spiritual selling : how to use the attractor sales system to create abundance in your business 
245 0 |c  Nunziata, Joe 
260 |b  John Wiley & Sons 
260 |c  2007 
650 |a  Quảng cáo;  
927 |a Sách 
980 |a Trung tâm Thư viện - Trường Đại học Công nghiệp TP. Hồ Chí Minh